Manual for teaching the first reader
Saved in:
| Main Author: | |
|---|---|
| Other Authors: | |
| Format: | Book |
| Language: | English |
| Published: |
Boston :
Ginn & Co.,
1948
|
| Series: | Ginn basic readers
|
| Subjects: | |
| Tags: |
Add Tag
No Tags, Be the first to tag this record!
|
MARC
| LEADER | 00000cam a2200000 i 4500 | ||
|---|---|---|---|
| 001 | 1/52245 | ||
| 008 | 040319s1948 eng d | ||
| 035 | |l 10072886 | ||
| 040 | |a GR-MY-UA |b gre |e aacr | ||
| 041 | 0 | |a eng | |
| 082 | 0 | |a 428.24 | |
| 100 | 1 | |a Russell, David Harris, |d 1906-1965. | |
| 245 | 1 | 0 | |a Manual for teaching the first reader / |c David H. Russell, Odile Ousley ; assisted by Mary A. Grogan |
| 246 | 3 | 4 | |a On cherry street |
| 260 | |a Boston : |b Ginn & Co., |c 1948 | ||
| 300 | |a 293 p. | ||
| 490 | 1 | |a Ginn basic readers | |
| 650 | 0 | 0 | |a English language |x Study and teaching (Elementary) |
| 650 | 0 | 0 | |a Readers (Elementary) |
| 650 | 0 | 0 | |a Reading. |
| 700 | 1 | |a Ousley, Odile |d b.1897. | |
| 830 | 0 | |a Ginn basic readers | |
| 852 | |a INST |b RHODES |c AKA |e 20040319 |h 428.24 RUS |p 005400019281 |q 005400019281 |t BK |y 0 | ||
| 901 | |a BIBL4-2004-1 | ||
| 909 | |a Ρ |b 109140 | ||
| 970 | |a ΚΟΥΛΑΚΙΟΤΗ |b ΛΙΤΣΑ |z 2004/03/19 | ||